[Event "Verbandsliga MVP 2013-14"]
[Site "MVP"]
[Date "2013.10.27"]
[Round "1.6"]
[White "Sager, Bernd"]
[Black "Klepin, Wilfried"]
[Result "0-1"]
[WhiteElo "1734"]
[BlackElo "1822"]
[PlyCount "66"]
[EventDate "2013.??.??"]
[EventType "team-tourn"]
[EventRounds "9"]
[EventCountry "GER"]
[SourceDate "2013.10.20"]
[WhiteTeam "HSG Uni Rostock"]
[BlackTeam "FHSG Stralsund"]
[WhiteTeamCountry "GER"]
[BlackTeamCountry "GER"]

1. d4 d5 2. c4 c6 3. e3 e6 4. Nc3 f5 5. Nf3 Bd6 6. Bd3 Nf6 7. O-O O-O 8. c5 Bc7
9. b4 Nbd7 10. Bb2 Ne4 11. Ne2 Qf6 12. Qc2 g5 13. Ng3 g4 14. Nd2 Qh4 15. b5 Rf6
16. Rfd1 Nxd2 17. Qxd2 Rh6 18. Nf1 Bxh2+ 19. Nxh2 Qxh2+ 20. Kf1 Qh1+ 21. Ke2
Qxg2 22. Rf1 Rh2 23. Kd1 Nf6 24. Qa5 Ne4 25. Qd8+ Kf7 26. Qc7+ Bd7 27. Qxd7+
Kf6 28. Qc7 Nxf2+ 29. Rxf2 Qxf2 30. Qe5+ Kf7 31. Qc7+ Kg6 32. Bxf5+ exf5 33.
Qd6+ Kh5 0-1

[Event "Verbandsliga MVP 2013-14"]
[Site "MVP"]
[Date "2013.10.27"]
[Round "1.7"]
[White "Glawe, Hartmut"]
[Black "Schroeder, Christian"]
[Result "1-0"]
[WhiteElo "1825"]
[BlackElo "1879"]
[PlyCount "51"]
[EventDate "2013.??.??"]
[EventType "team-tourn"]
[EventRounds "9"]
[EventCountry "GER"]
[SourceDate "2013.10.20"]
[WhiteTeam "FHSG Stralsund"]
[BlackTeam "HSG Uni Rostock"]
[WhiteTeamCountry "GER"]
[BlackTeamCountry "GER"]

1. d4 Nf6 2. c4 c6 3. Nc3 d5 4. Nf3 dxc4 5. Ne5 e6 6. g3 Nd5 7. Nxc4 Nxc3 8.
bxc3 Qd5 9. Ne5 Qxh1 10. Nf3 e5 11. Qb3 b6 12. Ba3 Be6 13. Qb2 Bd5 14. Bxf8
Kxf8 15. O-O-O Bxf3 16. exf3 Qxf3 17. dxe5 g6 18. e6 Qf6 19. exf7 Kxf7 20. Rd4
g5 21. Qd2 Kg7 22. Rd6 Qe7 23. Qd4+ Kf7 24. Bc4+ Ke8 25. Qxh8+ Qf8 26. Re6+ 1-0

[Event "Verbandsliga MVP 2013-14"]
[Site "MVP"]
[Date "2013.10.27"]
[Round "1.8"]
[White "Hantel, Thomas"]
[Black "Rickmann, Niklas"]
[Result "1/2-1/2"]
[WhiteElo "1661"]
[BlackElo "1774"]
[PlyCount "23"]
[EventDate "2013.??.??"]
[EventType "team-tourn"]
[EventRounds "9"]
[EventCountry "GER"]
[SourceDate "2013.10.20"]
[WhiteTeam "HSG Uni Rostock"]
[BlackTeam "FHSG Stralsund"]
[WhiteTeamCountry "GER"]
[BlackTeamCountry "GER"]

1. d4 g6 2. c4 Bg7 3. Nc3 d6 4. e4 f5 5. g3 Nc6 6. Be3 e5 7. Nge2 Nf6 8. Bg2
O-O 9. O-O Ng4 10. d5 Nxe3 11. fxe3 Ne7 12. Qd3 1/2-1/2

[Event "Verbandsliga MVP 2013-14"]
[Site "MVP"]
[Date "2013.10.27"]
[Round "1.1"]
[White "Hagenlueke, Thomas"]
[Black "Schinke, Andreas"]
[Result "1/2-1/2"]
[WhiteElo "1897"]
[BlackElo "2061"]
[PlyCount "107"]
[EventDate "2013.??.??"]
[EventType "team-tourn"]
[EventRounds "9"]
[EventCountry "GER"]
[SourceDate "2013.10.20"]
[WhiteTeam "Greifswalder SV II"]
[BlackTeam "SV Blau-Weiß Grevesmühlen"]
[WhiteTeamCountry "GER"]
[BlackTeamCountry "GER"]

1. d4 Nf6 2. c4 g6 3. Nc3 d5 4. cxd5 Nxd5 5. e4 Nxc3 6. bxc3 Bg7 7. Qa4+ Bd7 8.
Qa3 O-O 9. Nf3 Bg4 10. Be2 e5 11. Bg5 Qd6 12. Be7 Qxa3 13. Bxa3 Re8 14. d5 Nd7
15. Nd2 Bxe2 16. Kxe2 Bf8 17. Bxf8 Kxf8 18. Nb3 a5 19. a4 b6 20. Nc1 Nc5 21. f3
Ke7 22. Nd3 Kd6 23. Rhb1 f5 24. Nxc5 Kxc5 25. Kd3 Re7 26. Rb5+ Kd6 27. c4 fxe4+
28. fxe4 Rf7 29. c5+ bxc5 30. Rc1 Rf2 31. Rbxc5 Ra7 32. Rc6+ Kd7 33. R1c2 Rxc2
34. Kxc2 Rb7 35. Re6 Rb4 36. Rxe5 Rxa4 37. Kb3 Rb4+ 38. Kc3 Rb6 39. d6 Rc6+ 40.
Kb3 a4+ 41. Kxa4 cxd6 42. Rb5 Rc2 43. Rb7+ Kc6 44. Rxh7 Rxg2 45. Kb3 Rg4 46.
Rg7 Kc5 47. Kc3 Rxe4 48. Rxg6 Re3+ 49. Kd2 Rh3 50. Rg5+ d5 51. Rg4 Rxh2+ 52.
Kd3 Rh3+ 53. Kd2 d4 54. Rg8 1/2-1/2

[Event "Verbandsliga MVP 2013-14"]
[Site "MVP"]
[Date "2013.10.27"]
[Round "1.2"]
[White "Boehme, Andy"]
[Black "Hertel, Johannes"]
[Result "1-0"]
[WhiteElo "1995"]
[BlackElo "1927"]
[PlyCount "43"]
[EventDate "2013.??.??"]
[EventType "team-tourn"]
[EventRounds "9"]
[EventCountry "GER"]
[SourceDate "2013.10.20"]
[WhiteTeam "SV Blau-Weiß Grevesmühlen"]
[BlackTeam "Greifswalder SV II"]
[WhiteTeamCountry "GER"]
[BlackTeamCountry "GER"]

1. Nf3 Nf6 2. c4 e6 3. b3 b6 4. g3 Bb7 5. Bg2 Be7 6. O-O c5 7. d3 O-O 8. Bb2 d6
9. e3 Qc7 10. Qe2 Nbd7 11. Nc3 Bc6 12. Ne1 a6 13. g4 b5 14. g5 Ne8 15. f4 bxc4
16. dxc4 f5 17. e4 e5 18. exf5 Bxg2 19. Qxg2 Nb6 20. Nd5 Nxd5 21. Qxd5+ Kh8 22.
Qxa8 1-0

[Event "Verbandsliga MVP 2013-14"]
[Site "MVP"]
[Date "2013.10.27"]
[Round "1.3"]
[White "Schwahn, Christian"]
[Black "Kross, Gunnar"]
[Result "0-1"]
[WhiteElo "1947"]
[BlackElo "1972"]
[PlyCount "100"]
[EventDate "2013.??.??"]
[EventType "team-tourn"]
[EventRounds "9"]
[EventCountry "GER"]
[SourceDate "2013.10.20"]
[WhiteTeam "Greifswalder SV II"]
[BlackTeam "SV Blau-Weiß Grevesmühlen"]
[WhiteTeamCountry "GER"]
[BlackTeamCountry "GER"]

1. e4 c6 2. Nc3 d5 3. d4 dxe4 4. Nxe4 Nd7 5. Nf3 Ngf6 6. Nxf6+ Nxf6 7. Bc4 Bf5
8. O-O e6 9. Bf4 Bd6 10. Ne5 O-O 11. Bd3 Bxd3 12. Qxd3 Nh5 13. Be3 Bxe5 14.
dxe5 Qxd3 15. cxd3 g6 16. g4 Ng7 17. Bg5 Rfc8 18. Rae1 Rc7 19. Re4 Rd7 20. d4
a5 21. a4 Ra6 22. Rc1 Rd5 23. Rc5 Rb6 24. Bd2 Rxb2 25. Bxa5 h5 26. Bc3 Rb1+ 27.
Kg2 hxg4 28. Rxd5 cxd5 29. Rxg4 Nf5 30. h4 Rb3 31. Ba5 Kf8 32. Bc7 Ke7 33. a5
Rb2 34. Kf1 Rb3 35. Kg2 Kd7 36. Bb6 Kc6 37. Bc5 Kb5 38. Bb6 Kc4 39. h5 gxh5 40.
Rg8 Nxd4 41. Rc8+ Nc6 42. Rc7 d4 43. Rxf7 d3 44. Rd7 Nxe5 45. Rd4+ Kc3 46. Rd6
Nc4 47. a6 Nxb6 48. a7 Ra3 49. Rxb6 Rxa7 50. Kf3 d2 0-1

[Event "Verbandsliga MVP 2013-14"]
[Site "MVP"]
[Date "2013.10.27"]
[Round "1.4"]
[White "Stiegler, Maik"]
[Black "Nauschuetz, Ernst"]
[Result "0-1"]
[WhiteElo "1897"]
[BlackElo "1893"]
[PlyCount "110"]
[EventDate "2013.??.??"]
[EventType "team-tourn"]
[EventRounds "9"]
[EventCountry "GER"]
[SourceDate "2013.10.20"]
[WhiteTeam "SV Blau-Weiß Grevesmühlen"]
[BlackTeam "Greifswalder SV II"]
[WhiteTeamCountry "GER"]
[BlackTeamCountry "GER"]

1. d4 Nf6 2. c4 e6 3. Nf3 Bb4+ 4. Bd2 Qe7 5. e3 O-O 6. Bd3 b6 7. O-O Bxd2 8.
Nfxd2 c5 9. Nc3 Bb7 10. a3 d5 11. Rc1 cxd4 12. exd4 dxc4 13. Nxc4 Rd8 14. Ne5
Nc6 15. Nxc6 Bxc6 16. Ne2 Qd7 17. Qd2 Rac8 18. Rfd1 g6 19. Qg5 Kg7 20. b3 h6
21. Qg3 Nh5 22. Qe3 f5 23. Ba6 Rb8 24. Qe5+ Nf6 25. Nf4 Re8 26. Rc3 b5 27. a4
bxa4 28. bxa4 Rb6 29. Bb5 a6 30. Qc5 Rxb5 31. axb5 Bxb5 32. Qe5 Re7 33. Rdc1
Qe8 34. Rc7 Bd7 35. h4 g5 36. Nh5+ Qxh5 37. d5 Qe8 38. d6 Rf7 39. R1c3 Kg6 40.
Ra7 Nd5 41. Rg3 Qc8 42. Kh2 g4 43. h5+ Kh7 44. f3 Nf6 45. Rc7 Qd8 46. fxg4
Nxg4+ 47. Rxg4 fxg4 48. Qe4+ Kg8 49. Qxg4+ Rg7 50. Qe4 Rg5 51. Ra7 Rxh5+ 52.
Kg3 Qg5+ 53. Kf3 Qf6+ 54. Kg3 Qc3+ 55. Qf3 Qe5+ 0-1

[Event "Verbandsliga MVP 2013-14"]
[Site "MVP"]
[Date "2013.10.27"]
[Round "1.5"]
[White "Sowada, Christoph"]
[Black "Wecke, Thoralf"]
[Result "0-1"]
[WhiteElo "1871"]
[BlackElo "1948"]
[PlyCount "40"]
[EventDate "2013.??.??"]
[EventType "team-tourn"]
[EventRounds "9"]
[EventCountry "GER"]
[SourceDate "2013.10.20"]
[WhiteTeam "Greifswalder SV II"]
[BlackTeam "SV Blau-Weiß Grevesmühlen"]
[WhiteTeamCountry "GER"]
[BlackTeamCountry "GER"]

1. e4 Nf6 2. e5 Nd5 3. d4 d6 4. c4 Nb6 5. f4 dxe5 6. fxe5 c5 7. d5 g6 8. Bf4
Bg7 9. Nc3 O-O 10. Bd3 e6 11. dxe6 Bxe6 12. Qe2 Nc6 13. Ne4 Nxe5 14. Bxe5 Bxe5
15. Nxc5 Bxc4 16. O-O-O Qc7 17. Bxc4 Qxc5 18. b3 Nxc4 19. Qxc4 Qa3+ 20. Kd2
Rac8 0-1

[Event "Verbandsliga MVP 2013-14"]
[Site "MVP"]
[Date "2013.10.27"]
[Round "1.6"]
[White "Gareis, Roberto"]
[Black "Kohn, Matthias"]
[Result "1/2-1/2"]
[WhiteElo "1869"]
[BlackElo "1697"]
[PlyCount "27"]
[EventDate "2013.??.??"]
[EventType "team-tourn"]
[EventRounds "9"]
[EventCountry "GER"]
[SourceDate "2013.10.20"]
[WhiteTeam "SV Blau-Weiß Grevesmühlen"]
[BlackTeam "Greifswalder SV II"]
[WhiteTeamCountry "GER"]
[BlackTeamCountry "GER"]

1. d4 d5 2. e3 Nf6 3. Bd3 c6 4. Nd2 e6 5. f4 b6 6. Qe2 a5 7. Ngf3 Ba6 8. Bxa6
Rxa6 9. Ne5 b5 10. a4 Qb6 11. O-O b4 12. g4 Be7 13. c3 Nfd7 14. Nxd7 1/2-1/2

[Event "Verbandsliga MVP 2013-14"]
[Site "MVP"]
[Date "2013.10.27"]
[Round "1.7"]
[White "Zimmermann, Bernd"]
[Black "Wulff, Jens Peter"]
[Result "1/2-1/2"]
[WhiteElo "1619"]
[BlackElo "1715"]
[PlyCount "50"]
[EventDate "2013.??.??"]
[EventType "team-tourn"]
[EventRounds "9"]
[EventCountry "GER"]
[SourceDate "2013.10.20"]
[WhiteTeam "Greifswalder SV II"]
[BlackTeam "SV Blau-Weiß Grevesmühlen"]
[WhiteTeamCountry "GER"]
[BlackTeamCountry "GER"]

1. e4 g6 2. d4 Bg7 3. Nf3 d6 4. c4 Nc6 5. Nc3 e5 6. dxe5 Nxe5 7. Nxe5 Bxe5 8.
Qc2 Bg7 9. g3 Ne7 10. Bg2 O-O 11. O-O Be6 12. b3 Nc6 13. Be3 Ne5 14. Rad1 Qf6
15. Nd5 Bxd5 16. exd5 Rae8 17. Bd4 Qd8 18. Qb2 f6 19. Rfe1 Qd7 20. Qd2 Qg4 21.
Re4 Qd7 22. Rde1 b5 23. Qe2 f5 24. Re3 f4 25. gxf4 Rxf4 1/2-1/2

[Event "Verbandsliga MVP 2013-14"]
[Site "MVP"]
[Date "2013.10.27"]
[Round "1.8"]
[White "Streit, Bodo"]
[Black "Malchau, Jochen"]
[Result "1/2-1/2"]
[WhiteElo "1773"]
[BlackElo "1550"]
[PlyCount "30"]
[EventDate "2013.??.??"]
[EventType "team-tourn"]
[EventRounds "9"]
[EventCountry "GER"]
[SourceDate "2013.10.20"]
[WhiteTeam "SV Blau-Weiß Grevesmühlen"]
[BlackTeam "Greifswalder SV II"]
[WhiteTeamCountry "GER"]
[BlackTeamCountry "GER"]

1. b4 d5 2. Bb2 Bf5 3. Nf3 e6 4. e3 Nf6 5. b5 Bd6 6. c4 O-O 7. h3 h6 8. g4 Be4
9. d3 Bxf3 10. Qxf3 Nbd7 11. Bxf6 Qxf6 12. Qxf6 Nxf6 13. Nd2 c6 14. bxc6 bxc6
15. Nb3 Bb4+ 1/2-1/2

[Event "Verbandsliga MVP 2013-14"]
[Site "MVP"]
[Date "2013.10.27"]
[Round "1.1"]
[White "Hanisch, Sebastian"]
[Black "Westphal, Wolfgang"]
[Result "1-0"]
[WhiteElo "2045"]
[BlackElo "2100"]
[PlyCount "51"]
[EventDate "2013.??.??"]
[EventType "team-tourn"]
[EventRounds "9"]
[EventCountry "GER"]
[SourceDate "2013.10.20"]
[WhiteTeam "SF Schwerin III"]
[BlackTeam "SF Schwerin II"]
[WhiteTeamCountry "GER"]
[BlackTeamCountry "GER"]

1. Nf3 d5 2. b3 Nc6 3. Bb2 Nf6 4. e3 Bg4 5. Bb5 e6 6. h3 Bh5 7. g4 Bg6 8. Ne5
Qd6 9. f4 Qc5 10. c4 dxc4 11. bxc4 Bxb1 12. Rxb1 Be7 13. Bc3 a5 14. Qf3 O-O 15.
Bxc6 bxc6 16. g5 Rab8 17. Rxb8 Rxb8 18. gxf6 Bxf6 19. Nd7 Bh4+ 20. Kd1 Qxc4 21.
Nxb8 Qxa2 22. Qxc6 Qb3+ 23. Ke2 Qxb8 24. Bxa5 h6 25. Bxc7 Qc8 26. Rb1 1-0

[Event "Verbandsliga MVP 2013-14"]
[Site "MVP"]
[Date "2013.10.27"]
[Round "1.2"]
[White "Heinsohn, Wilfried"]
[Black "Helms, Sven"]
[Result "1/2-1/2"]
[WhiteElo "2101"]
[BlackElo "1907"]
[PlyCount "74"]
[EventDate "2013.??.??"]
[EventType "team-tourn"]
[EventRounds "9"]
[EventCountry "GER"]
[SourceDate "2013.10.20"]
[WhiteTeam "SF Schwerin II"]
[BlackTeam "SF Schwerin III"]
[WhiteTeamCountry "GER"]
[BlackTeamCountry "GER"]

1. e4 e6 2. d4 d5 3. exd5 exd5 4. Nf3 Bd6 5. c4 c6 6. Nc3 Ne7 7. c5 Bc7 8. Bd3
O-O 9. O-O Bf5 10. Bg5 f6 11. Bh4 Bxd3 12. Qxd3 Ng6 13. Bg3 Na6 14. Rfe1 Qd7
15. a3 Rae8 16. b4 Bxg3 17. hxg3 Nc7 18. a4 a6 19. Rxe8 Rxe8 20. Rb1 Ne7 21. b5
axb5 22. axb5 Qf5 23. Qxf5 Nxf5 24. bxc6 bxc6 25. g4 Ne7 26. Rb7 Ne6 27. Na4 g5
28. Rb4 Nf4 29. g3 Nd3 30. Rb7 Ra8 31. Rxe7 Rxa4 32. Re6 Ra1+ 33. Kg2 Ra2 34.
Rxf6 Nxf2 35. Rxc6 Nxg4+ 36. Kg1 Ra1+ 37. Kg2 Ra2+ 1/2-1/2

[Event "Verbandsliga MVP 2013-14"]
[Site "MVP"]
[Date "2013.10.27"]
[Round "1.3"]
[White "Kupfernagel, Michael"]
[Black "Wolf, Christoph"]
[Result "0-1"]
[WhiteElo "1917"]
[BlackElo "2103"]
[PlyCount "81"]
[EventDate "2013.??.??"]
[EventType "team-tourn"]
[EventRounds "9"]
[EventCountry "GER"]
[SourceDate "2013.10.20"]
[WhiteTeam "SF Schwerin III"]
[BlackTeam "SF Schwerin II"]
[WhiteTeamCountry "GER"]
[BlackTeamCountry "GER"]

1. d4 Nf6 2. Nc3 d5 3. Bg5 Nbd7 4. f3 h6 5. Bxf6 Nxf6 6. e4 e6 7. Nge2 c5 8.
Qd2 dxe4 9. fxe4 Be7 10. O-O-O Ng4 11. Qe1 Bg5+ 12. Kb1 Ne3 13. Rd3 c4 14. Rxe3
Bxe3 15. d5 O-O 16. Ng3 Qg5 17. Bxc4 Bd2 18. Qe2 Bxc3 19. bxc3 exd5 20. Bxd5
Bg4 21. Qd3 Qg6 22. c4 Rac8 23. Rf1 Rfe8 24. h3 Be6 25. Rf3 a6 26. c3 b5 27.
cxb5 axb5 28. Bxe6 Qxe6 29. Qd5 Rcd8 30. Qxe6 Rxe6 31. Kc2 Ra8 32. Kb3 Rea6 33.
Kb4 Rxa2 34. Kxb5 Rb8+ 35. Kc5 Rc8+ 36. Kd4 Rd2+ 37. Ke5 Rc5+ 38. Kf4 Rxg2 39.
e5 Rc4+ 40. Kf5 g6+ 41. Kf6 0-1

[Event "Verbandsliga MVP 2013-14"]
[Site "MVP"]
[Date "2013.10.27"]
[Round "1.4"]
[White "Wandel, Bernd"]
[Black "Schiewer, Robert"]
[Result "1-0"]
[WhiteElo "2073"]
[BlackElo "1897"]
[PlyCount "77"]
[EventDate "2013.??.??"]
[EventType "team-tourn"]
[EventRounds "9"]
[EventCountry "GER"]
[SourceDate "2013.10.20"]
[WhiteTeam "SF Schwerin II"]
[BlackTeam "SF Schwerin III"]
[WhiteTeamCountry "GER"]
[BlackTeamCountry "GER"]

1. d4 e6 2. c4 f5 3. Nc3 Nf6 4. g3 d5 5. Bg2 c6 6. Nf3 Bd6 7. O-O O-O 8. c5 Bc7
9. Bf4 Ne4 10. Qc2 Nd7 11. e3 Re8 12. Rad1 e5 13. Bxe5 Bxe5 14. Nxe5 Nxe5 15.
dxe5 Qe7 16. b4 Qxe5 17. Ne2 Bd7 18. Nd4 a5 19. a3 g5 20. Rfe1 Ra7 21. f3 Nf6
22. f4 gxf4 23. gxf4 Qe7 24. Nxf5 Bxf5 25. Qxf5 axb4 26. axb4 Ra2 27. Kh1 Kh8
28. e4 Qg7 29. Bf3 dxe4 30. Rg1 Qh6 31. Rg2 exf3 32. Rxa2 Qh4 33. Rg1 h5 34.
Qg6 Rg8 35. Qh6+ Nh7 36. Rxg8+ Kxg8 37. Ra8+ Kf7 38. Qxh7+ Ke6 39. Qe4+ 1-0

[Event "Verbandsliga MVP 2013-14"]
[Site "MVP"]
[Date "2013.10.27"]
[Round "1.6"]
[White "Wagner, Ralph"]
[Black "Popp, Michael"]
[Result "1-0"]
[WhiteElo "2037"]
[BlackElo "1721"]
[PlyCount "61"]
[EventDate "2013.??.??"]
[EventType "team-tourn"]
[EventRounds "9"]
[EventCountry "GER"]
[SourceDate "2013.10.20"]
[WhiteTeam "SF Schwerin II"]
[BlackTeam "SF Schwerin III"]
[WhiteTeamCountry "GER"]
[BlackTeamCountry "GER"]

1. c4 Nf6 2. Nc3 e6 3. g3 d5 4. Bg2 Be7 5. b3 O-O 6. Bb2 c5 7. Nh3 Nc6 8. cxd5
exd5 9. Nf4 Be6 10. O-O Rc8 11. Nxe6 fxe6 12. Bh3 Qd7 13. Rc1 b6 14. e3 Nb4 15.
d3 Rce8 16. a3 Na6 17. Qe2 Bd6 18. d4 Nc7 19. dxc5 Bxc5 20. b4 Bd6 21. e4 dxe4
22. Nxe4 Nxe4 23. Qxe4 Qe7 24. Rc6 Kh8 25. Bxg7+ Kxg7 26. Qd4+ e5 27. Qxd6 Qxd6
28. Rxd6 Nb5 29. Rd7+ Rf7 30. Rxf7+ Kxf7 31. Bd7 1-0

[Event "Verbandsliga MVP 2013-14"]
[Site "MVP"]
[Date "2013.10.27"]
[Round "1.7"]
[White "Weinstein, Arkadi"]
[Black "Hasselmann, Dieter"]
[Result "0-1"]
[WhiteElo "1693"]
[BlackElo "2030"]
[PlyCount "100"]
[EventDate "2013.??.??"]
[EventType "team-tourn"]
[EventRounds "9"]
[EventCountry "GER"]
[SourceDate "2013.10.20"]
[WhiteTeam "SF Schwerin III"]
[BlackTeam "SF Schwerin II"]
[WhiteTeamCountry "GER"]
[BlackTeamCountry "GER"]

1. e4 c5 2. Nf3 d6 3. d4 cxd4 4. Nxd4 Nf6 5. Bd3 a6 6. c3 e5 7. Ne2 Nbd7 8. Bc2
Be7 9. O-O O-O 10. Ng3 Nb6 11. Qe2 Be6 12. b3 Qc7 13. Bb2 Nbd7 14. Nd2 d5 15.
Rac1 dxe4 16. Ndxe4 Nxe4 17. Nxe4 f5 18. Ng3 Rae8 19. Kh1 Qc6 20. c4 e4 21. f3
Bg5 22. Rcd1 e3 23. f4 Bd8 24. Qxe3 Nf6 25. Qf3 Qxf3 26. Rxf3 Bb6 27. h3 g6 28.
Be5 Kf7 29. Rd6 Bc5 30. Rd1 h5 31. Ne2 Rd8 32. Rfd3 Rxd3 33. Rxd3 Ne4 34. Kh2
b5 35. cxb5 axb5 36. Nd4 b4 37. Nxe6 Kxe6 38. Rd1 Rc8 39. Bd3 Nc3 40. Bc4+ Ke7
41. Rd2 Ra8 42. a4 Ne4 43. Re2 Rd8 44. g4 Rd1 45. gxh5 gxh5 46. Rg2 h4 47. Rg7+
Kf8 48. Bf6 Rd2+ 49. Kh1 Ng3+ 50. Rxg3 hxg3 0-1

[Event "Verbandsliga MVP 2013-14"]
[Site "MVP"]
[Date "2013.10.27"]
[Round "1.8"]
[White "Voll, Andreas"]
[Black "Schumacher, Ole"]
[Result "1/2-1/2"]
[WhiteElo "1807"]
[BlackElo "1266"]
[Annotator "Sven Helms"]
[PlyCount "131"]
[EventDate "2013.??.??"]
[EventType "team-tourn"]
[EventRounds "9"]
[EventCountry "GER"]
[SourceDate "2013.10.20"]
[WhiteTeam "SF Schwerin II"]
[BlackTeam "SF Schwerin III"]
[WhiteTeamCountry "GER"]
[BlackTeamCountry "GER"]

1. e4 e6 2. d4 d5 3. Nc3 Nf6 4. e5 Nfd7 5. Nf3 c5 6. dxc5 Bxc5 7. Bd3 Nc6 8.
Qe2 O-O 9. O-O f6 10. exf6 Nxf6 11. Bg5 Qb6 12. Na4 Qb4 13. Nxc5 Qxc5 14. c3
Bd7 15. Be3 Qd6 16. b4 Ng4 $2 17. Bc5 Qc7 18. Bxf8 Rxf8 19. h3 Rxf3 20. hxg4
Rf4 21. g3 Rf6 22. g5 Rf7 23. g6 hxg6 24. Bxg6 Rf6 25. Qh5 Qe5 26. Qxe5 (26.
Qh7+ Kf8 27. Qh8+ Ke7 28. Qxg7+ Kd6 {Diagramm [#]}) 26... Nxe5 {Diagramm [#]}
27. Bh5 $2 {Diagramm [#]} Bb5 28. Rfe1 Nd3 29. Re2 e5 30. Rd2 e4 31. Bd1 Rc6
32. a4 Bc4 33. Be2 Rf6 34. Bxd3 Bxd3 35. Kg2 Rc6 36. Rc1 Kf7 $11 37. g4 g5 38.
Rh1 Kg7 39. Rh5 Kg6 40. Rh8 Rxc3 41. Rd8 Bc4 42. Rd6+ Kf7 43. Rd7+ Ke6 44. Rxb7
Rb3 45. b5 Ra3 46. b6 axb6 47. Rxb6+ Ke5 48. Rg6 Kf4 49. Rf6+ $11 Kxg4 50. a5
Rxa5 51. f3+ exf3+ 52. Rxf3 Ra2 53. Rxa2 Bxa2 54. Rd3 Kf4 55. Kf2 Ke4 56. Rg3
Kf5 57. Rf3+ Kg6 58. Kg3 Bb1 59. Rf8 d4 60. Rf1 Bc2 61. Ra1 d3 62. Ra6+ Kh5 63.
Rd6 Bb1 64. Rb6 Ba2 65. Rd6 Bc4 66. Rd4 1/2-1/2

[Event "Verbandsliga MVP 2013-14"]
[Site "MVP"]
[Date "2013.11.10"]
[Round "2.1"]
[White "Rittemann, Steffen"]
[Black "Engel, Gunnar"]
[Result "1-0"]
[WhiteElo "2160"]
[BlackElo "2040"]
[PlyCount "93"]
[EventDate "2013.??.??"]
[EventType "team-tourn"]
[EventRounds "9"]
[EventCountry "GER"]
[SourceDate "2013.10.20"]
[WhiteTeam "SF Schwerin II"]
[BlackTeam "SSC Rostock 07 II"]
[WhiteTeamCountry "GER"]
[BlackTeamCountry "GER"]

1. e4 c5 2. Nc3 d6 3. Nf3 Nf6 4. e5 dxe5 5. Nxe5 a6 6. a4 Nbd7 7. Nc4 Nb6 8.
Qf3 g6 9. Ne3 Nbd7 10. Nc4 Nb6 11. a5 Nxc4 12. Bxc4 Bg7 13. d3 O-O 14. O-O Qd6
15. Re1 Bg4 16. Qxb7 Bd7 17. Ne4 Nxe4 18. Qxe4 Bc6 19. Qxe7 Rae8 20. Bg5 Rxe7
21. Bxe7 Qf4 22. Bxf8 Qg4 23. Re4 Bxe4 24. dxe4 Kxf8 25. Bxa6 Bxb2 26. Rb1 Bc3
27. Bb7 Bxa5 28. Bd5 Bc3 29. g3 Qf3 30. Rb8+ Kg7 31. Rb7 Bd4 32. Rxf7+ Qxf7 33.
Bxf7 Kxf7 34. Kg2 Ke6 35. f4 c4 36. Kf3 Kd6 37. g4 Kc5 38. h3 Kb4 39. e5 Kc3
40. Ke4 Bc5 41. Kd5 Kb4 42. f5 gxf5 43. gxf5 Be7 44. f6 Bd8 45. f7 Be7 46. Ke6
Bf8 47. Kd7 1-0

[Event "Verbandsliga MVP 2013-14"]
[Site "MVP"]
[Date "2013.11.10"]
[Round "2.2"]
[White "Hodl, Ingolf"]
[Black "Heinsohn, Wilfried"]
[Result "0-1"]
[WhiteElo "1979"]
[BlackElo "2101"]
[PlyCount "96"]
[EventDate "2013.??.??"]
[EventType "team-tourn"]
[EventRounds "9"]
[EventCountry "GER"]
[SourceDate "2013.10.20"]
[WhiteTeam "SSC Rostock 07 II"]
[BlackTeam "SF Schwerin II"]
[WhiteTeamCountry "GER"]
[BlackTeamCountry "GER"]

1. e4 c5 2. Nc3 d6 3. Bc4 Nc6 4. Nf3 g6 5. d4 cxd4 6. Nxd4 Bg7 7. Be3 Nf6 8. f3
O-O 9. Qd2 Bd7 10. O-O-O Rc8 11. Bb3 Ne5 12. Bh6 Nc4 13. Bxc4 Rxc4 14. Bxg7
Kxg7 15. g4 Qa5 16. Kb1 Be6 17. Nxe6+ fxe6 18. h4 h6 19. h5 g5 20. Qd3 Rxc3 21.
Qxc3 Qxc3 22. bxc3 Nd7 23. Rhf1 Ne5 24. Kc1 Nxf3 25. Rf2 Ne5 26. Rxf8 Kxf8 27.
Rg1 Nd7 28. Kd2 e5 29. Ke3 Nc5 30. Rb1 Ke8 31. a4 a6 32. a5 Kf7 33. Rf1+ Kg7
34. Rd1 Kf7 35. Re1 Kg7 36. Kd2 Kf7 37. Kc1 Nd7 38. Kd2 Nc5 39. Kc1 Nd7 40. Kb2
Nf6 41. Rf1 Ke8 42. Rxf6 exf6 43. Kb3 Kd7 44. Kb4 Kc6 45. Kc4 d5+ 46. Kd3 dxe4+
47. Kxe4 Kb5 48. Kf5 Kxa5 0-1

[Event "Verbandsliga MVP 2013-14"]
[Site "MVP"]
[Date "2013.11.10"]
[Round "2.3"]
[White "Wolf, Christoph"]
[Black "Pererva, Viktor"]
[Result "1-0"]
[WhiteElo "2103"]
[BlackElo "1960"]
[PlyCount "105"]
[EventDate "2013.??.??"]
[EventType "team-tourn"]
[EventRounds "9"]
[EventCountry "GER"]
[SourceDate "2013.10.20"]
[WhiteTeam "SF Schwerin II"]
[BlackTeam "SSC Rostock 07 II"]
[WhiteTeamCountry "GER"]
[BlackTeamCountry "GER"]

1. d4 d5 2. Nf3 Nf6 3. g3 Bf5 4. Bg2 e6 5. O-O Nbd7 6. b3 Bd6 7. Bb2 O-O 8. c4
c6 9. Nc3 h6 10. Nd2 Bg6 11. e4 dxe4 12. Ndxe4 Nxe4 13. Nxe4 Be7 14. d5 Bxe4
15. Bxe4 Nf6 16. Bxf6 Bxf6 17. Rc1 Rc8 18. dxe6 Qxd1 19. exf7+ Kxf7 20. Rcxd1
Rcd8 21. Kg2 Rxd1 22. Rxd1 Rd8 23. Rxd8 Bxd8 24. f4 Ke6 25. Kf3 a5 26. Bd3 Be7
27. Ke4 Bf6 28. Bf1 Bc3 29. Bh3+ Kd6 30. Bc8 Kc7 31. Bh3 Kd6 32. Bc8 Kc7 33.
Bf5 Kd6 34. h4 Be1 35. Kf3 Bc3 36. g4 Bd4 37. Ke4 Bf2 38. h5 Bh4 39. Bc8 b6 40.
Kf5 Bf6 41. g5 hxg5 42. fxg5 Bc3 43. Kg6 Ke7 44. c5 bxc5 45. Bb7 Kf8 46. Bxc6
Kg8 47. Bd5+ Kh8 48. Kf7 Bb4 49. g6 Bc3 50. Ke8 Bb4 51. Kd7 Ba3 52. Kc6 Bb4 53.
Kb5 1-0

[Event "Verbandsliga MVP 2013-14"]
[Site "MVP"]
[Date "2013.11.10"]
[Round "2.4"]
[White "Brack, Peter"]
[Black "Wandel, Bernd"]
[Result "0-1"]
[WhiteElo "1975"]
[BlackElo "2073"]
[PlyCount "64"]
[EventDate "2013.??.??"]
[EventType "team-tourn"]
[EventRounds "9"]
[EventCountry "GER"]
[SourceDate "2013.10.20"]
[WhiteTeam "SSC Rostock 07 II"]
[BlackTeam "SF Schwerin II"]
[WhiteTeamCountry "GER"]
[BlackTeamCountry "GER"]

1. d4 Nf6 2. c4 g6 3. Nc3 Bg7 4. e4 d6 5. h3 O-O 6. Be3 Nbd7 7. Nf3 e5 8. d5
Nc5 9. Nd2 Ne8 10. g4 f5 11. gxf5 gxf5 12. Qe2 f4 13. Bxc5 dxc5 14. Nf3 Nd6 15.
h4 Kh8 16. Bh3 Qf6 17. O-O-O a6 18. Bxc8 Raxc8 19. a4 Rb8 20. Rh3 Bh6 21. Rdh1
b5 22. cxb5 axb5 23. axb5 Rb6 24. Kc2 Rfb8 25. b3 Nxb5 26. Nxb5 Rxb5 27. Rb1 c4
28. Nd2 cxb3+ 29. Rbxb3 Qa6 30. Rxb5 Rxb5 31. Qc4 Bf8 32. Rb3 Rc5 0-1